000 00609nam a2200241Ia 4500
003 OSt
005 20221007103106.0
006 a|||||r|||| 00| 0
007 ta
008 221006b |||||||| |||| 00| 0 eng d
024 _a12,208
037 _cTextual
040 _aLCO
_cLCO
_beng
041 _2eng
_aeng
082 _aV2:2:(Z), P3
100 _aRai Kailash
245 0 _aConstitutional Law of India
250 _a5th
260 _aAllahabad
_bCentral Law Publications India
_c2003
300 _a712
942 _hV2:2:(Z), P3
_cTEXL
999 _c1181771
_d1181771